Osiedla Wrocławia - Quiz na mapie - Statystyki

Ogólne statystyki
  • Ten quiz został rozwiązany 61 razy
  • Średni wynik to 19 z 48
Odpowiedzi na mapie
Odpowiedzi zakodowano w zielono-czerwonej skali na mapie do tego quizu, zgodnie z poniższymi procentami.
 
Statystyki odpowiedzi
Odpowiedź % Poprawnych
Leśnica
65%
Stare Miasto
61%
Oporów
52%
Biskupin-Sępolno-Dąbie-Bartoszowice
48%
Gaj
48%
Ołbin
48%
Pilczyce-Kozanów-Popowice Północne
48%
Grabiszyn-Grabiszynek
43%
Księże
43%
Lipa Piotrowska
43%
Plac Grunwaldzki
43%
Swojczyce-Strachocin-Wojnów
43%
Szczepin
43%
Żerniki
43%
Bieńkowice
39%
Borek
39%
Gajowice
39%
Huby
39%
Jagodno
39%
Jerzmanowo-Jarnołtów-Strachowice-Osiniec
39%
Muchobór Mały
39%
Muchobór Wielki
39%
Osobowice-Rędzin
39%
Pracze Odrzańskie
39%
Przedmieście Oławskie
39%
Przedmieście Świdnickie
39%
Świniary
39%
Tarnogaj
39%
Zacisze-Zalesie-Szczytniki
39%
Brochów
35%
Gądów-Popowice Południowe
35%
Karłowice-Różanka
35%
Klecina
35%
Krzyki-Partynice
35%
Maślice
35%
Nadodrze
35%
Pawłowice
35%
Powstańców Śląskich (Południe)
35%
Psie Pole-Zawidawie
35%
Kleczków
30%
Nowy Dwór
30%
Ołtaszyn
30%
Polanowice-Poświętne-Ligota
30%
Widawa
30%
Wojszyce
30%
Kowale
26%
Kuźniki
26%
Sołtysowice
26%
Nie znaleziono quizów pasujących do podanych kryteriów
Rozkład punktacji
Procent ludzi z każdym wynikiem
Percentyl według liczby udzielonych odpowiedzi
Twoja historia wyników
Nie rozwiązałeś tego quizu